[Event "2nd Sampa STD Open 2025"]
[Site "Sao Paulo"]
[Date "2025.02.01"]
[Round "1"]
[White "De Assis, Fabio Nery"]
[Black "Silva, Kaua Marques"]
[Result "0-1"]
[Annotator "TA"]
[WhiteElo "1901"]
[BlackElo "2249"]
[PlyCount "70"]
[EventDate "2025.02.01"]
[EventType "swiss"]
[EventCountry "BRA"]
[SourceTitle "playchess.com"]
[Source "ChessBase"]
[SourceQuality "1"]

{[%evp 13,70,0,3,0,0,-22,-19,-37,-15,-32,-33,-93,-85,-91,-94,-103,-103,-99,-90,-112,-81,-125,-128,-135,-118,-164,-117,-184,-122,-126,-136,-173,-129,-135,-146,-147,-133,-136,-138,-220,-211,-255,-286,-343,-331,-346,-344,-375,-378,-568,-496,-836,-768,-2137,-2122,-2078,-2078,-1638,-1605]} 1. Nf3 Nf6 2. g3 b6 3. c4 Bb7 4. Bg2 g6 5. Nc3 Bg7 6. O-O O-O 7. d4 Ne4 8. Qd3 Nxc3 9. bxc3 d6 10. e4 {The position is equal.} Nc6 11. Rd1 Na5 12. Bf1 (12. Bg5 $15) 12... Ba6 $17 13. Nd2 Qd7 14. Rb1 Qa4 15. Be2 e6 {[%cal Oc7c5] Black is more active.} (15... Qxa2 16. Ba3 Qxa3 17. Ra1 Bxc4 (17... Qb2 18. Rdb1 $16) 18. Nxc4 $16) 16. Rb4 Qd7 17. Qe3 c5 18. Rb1 Qa4 {[%csl LRa2,LRc4]} 19. Qd3 (19. e5 $17) 19... cxd4 (19... Qxa2 20. Ba3 Qxa3 21. Ra1 $11) ({Black should try} 19... Rac8 $19 20. d5 exd5 (20... Qxa2 21. Bb2 $17) 21. Qxd5 Qxa2 (21... Bxc3 22. Bb2 $17)) 20. Rb4 (20. cxd4 $17 d5 (20... Qxa2 21. Ba3 $11) 21. Qa3 Qxa3 22. Bxa3) 20... Qd7 (20... Qxa2 $19 21. cxd4 Rfc8) 21. cxd4 d5 22. e5 Nxc4 23. Nxc4 Bxc4 24. Rxc4 dxc4 25. Qxc4 Rac8 26. Qd3 (26. Qb3 $17) 26... Qa4 $19 27. Ba3 Rfd8 {White must now prevent ...Bxe5.} 28. Bd6 Bf8 29. Bxf8 Kxf8 30. Qd2 Rc2 31. Qg5 (31. Qe3 $142) 31... Rxd4 {Black is clearly winning.} 32. Rxd4 (32. Qe3 $142 Rd7 (32... Rxd1+ $2 33. Bxd1 Qxa2 34. Bxc2 $19) 33. Rd6 Rxd6 (33... Rxa2 $2 34. g4 $19) 34. exd6 Qxa2 35. d7) 32... Qxd4 33. Qf6 Rxe2 34. Qh8+ Ke7 35. Qf6+ Ke8 {Weighted Error Value: White=0.86/Black=0.09 (flawless) .  Mistake:       	White=6     	Black=2      Inaccurate:     	White=2     	---        OK:         	White=3     	Black=14     Best:        	---       	Black=1} 0-1

[Event "2nd Sampa STD Open 2025"]
[Site "Sao Paulo"]
[Date "2025.02.01"]
[Round "1"]
[White "Da Silva, Matheus Pelegrino"]
[Black "Grillo, Carlos Henrique Gome"]
[Result "0-1"]
[Annotator "TA"]
[WhiteElo "1786"]
[BlackElo "1982"]
[PlyCount "82"]
[EventDate "2025.02.01"]
[EventType "swiss"]
[EventCountry "BRA"]
[SourceTitle "playchess.com"]
[Source "ChessBase"]
[SourceQuality "1"]
[TimeControl "5400+30"]

{[%evp 16,82,37,20,27,40,47,34,44,6,3,8,20,-11,18,0,24,-7,-6,-19,-19,-107,-37,-40,-30,-39,-35,-40,-16,-13,0,0,0,0,0,-56,-57,-144,-130,-212,-59,-68,-68,-71,-65,-164,-173,-172,-162,-170,-154,-184,-176,-192,-161,-400,-412,-408,-406,-449,-443,-551,-552,-543,-543,-567,-558,-701,-693]} 1. c4 Nf6 2. Nc3 d5 3. e3 g6 4. d4 Bg7 5. Nf3 O-O 6. Bd3 c6 7. O-O Nbd7 8. b3 Re8 9. Bb2 dxc4 {D94: Grünfeld: 4 Nf3 Bg7 5 e3.} 10. Bxc4 Qc7 11. Ng5 $146 (11. Qc2 e5 12. dxe5 Nxe5 13. Nxe5 Qxe5 14. Nd5 Qd6 15. Nxf6+ Bxf6 16. Rad1 Qe7 17. Bxf6 Qxf6 {1-0 Johansson,T (2237)-Denton,B Internet Section 07A g/8'+2" blitz 2004 (4)}) 11... e6 {White is slightly better.} 12. Nce4 Nxe4 13. Nxe4 {A sharp opening} Nb6 14. Qf3 Qe7 15. Bd3 Nd7 16. Qe2 e5 17. dxe5 Nxe5 18. Nc3 {[#]} (18. Bxe5 $11 Qxe5 (18... Bxe5 19. Rad1 $15) 19. Rad1) 18... Nxd3 (18... Bg4 $1 $17 {[%cal Rg4e2]} 19. Qc2 Nxd3 20. Qxd3 Qg5) 19. Qxd3 $15 Bf5 {This pair of bishops is nice.} 20. Qe2 Rad8 21. Rfd1 {Prevents Bd3} Qb4 22. Na4 {White is weak on the light squares} b5 23. Bxg7 Kxg7 24. Qb2+ Kg8 25. a3 ({Better is} 25. Nc3 $11) 25... Qg4 {Black attacks} 26. f3 (26. Nc3 $15) 26... Qg5 $17 27. e4 (27. Nc5 $17) 27... Be6 $2 (27... Rxd1+ $19 28. Rxd1 Qe3+ 29. Qf2 Qxf2+ (29... Qxb3 $2 30. Nb2 $19) 30. Kxf2 bxa4 31. exf5 axb3) 28. Nc3 $15 Qe3+ 29. Kh1 h5 $36 {[%mdl 2048] White is under pressure. Black has more active pieces.} 30. Re1 (30. b4 $15) 30... Rd2 $1 $19 31. Rxe3 Rxb2 32. b4 Rd8 33. Re2 Rb3 34. Re3 Rd2 35. Re2 $2 (35. h4 {was worth a try.}) 35... Rd3 36. Nd1 Rxa3 37. Rb1 Rab3 {Black is clearly winning.} 38. Rc1 Rxb4 39. Nf2 {[#]} Rc3 {[%mdl 512]} 40. Ra1 {[#]} (40. Rd1 a5) 40... a5 $1 41. Nd1 (41. h3 a4) 41... Rcb3 {Weighted Error Value: White=0.42/Black=0.17 (very precise)   Mistake:       	White=6     	Black=2      Inaccurate:     	White=3     	Black=1      OK:         	White=8     	Black=17     Best:        	White=3     	Black=1      Strong:       	---       	Black=1} 0-1

[Event "2nd Sampa STD Open 2025"]
[Site "Sao Paulo"]
[Date "2025.02.01"]
[Round "1"]
[White "Da Silva, Matheus Pelegrino"]
[Black "Grillo, Carlos Henrique Gome"]
[Result "*"]
[Annotator "RC"]
[WhiteElo "1786"]
[BlackElo "1982"]
[PlyCount "58"]
[EventDate "2025.02.01"]
[EventType "swiss"]
[EventCountry "BRA"]
[SourceTitle "playchess.com"]
[Source "ChessBase"]
[SourceQuality "1"]
[TimeControl "5400+30"]

1. c4 Nf6 2. Nc3 d5 3. e3 g6 4. d4 Bg7 5. Nf3 O-O 6. Bd3 c6 7. O-O Nbd7 8. b3 Re8 9. Bb2 dxc4 10. Bxc4 Qc7 11. Ng5 e6 12. Nce4 Nxe4 13. Nxe4 Nb6 14. Qf3 Qe7 15. Bd3 Nd7 16. Qe2 e5 17. dxe5 Nxe5 18. Nc3 Nxd3 19. Qxd3 Bf5 20. Qe2 Rad8 21. Rfd1 Qb4 22. Na4 b5 23. Bxg7 Kxg7 24. Qb2+ Kg8 25. a3 Qg4 26. f3 Qg5 27. e4 Be6 28. Nc3 Qe3+ 29. Kh1 a5 *

[Event "2nd Sampa STD Open 2025"]
[Site "Sao Paulo"]
[Date "2025.02.01"]
[Round "2"]
[White "Perdomo, Leandro"]
[Black "Pironti, Francisco Ferrari"]
[Result "1-0"]
[Annotator "TA"]
[WhiteElo "2364"]
[BlackElo "2020"]
[PlyCount "95"]
[EventDate "2025.02.01"]
[EventType "swiss"]
[EventCountry "BRA"]
[SourceTitle "playchess.com"]
[Source "ChessBase"]
[SourceQuality "1"]

{[%evp 23,95,6,0,4,12,8,12,11,0,0,0,0,0,0,0,0,0,0,0,0,0,0,0,0,0,0,104,107,74,0,0,0,0,-25,178,176,160,143,162,79,166,156,139,128,306,296,277,264,480,420,781,767,467,504,508,477,737,759,656,710,875,691,848,837,1160,1064,12789,5707,4979,3208,29981,29982,29982,-5097]} 1. d4 d5 2. c4 e6 3. Nc3 Be7 4. Nf3 Nf6 5. Bg5 h6 6. Bxf6 Bxf6 7. e3 O-O 8. Rc1 c6 9. Bd3 Nd7 10. O-O dxc4 11. Bxc4 e5 {11...c5 is more fashionable.} 12. Ne4 exd4 13. Nxd4 {D55: Queen's Gambit Declined: 4 Bg5 Be7: Lines without ...h6 and 6...h6 7 Bxf6.} Qe7 14. Nxf6+ Nxf6 15. Qc2 {The position is equal.} c5 16. Ne2 b6 17. Nf4 $146 (17. Rfd1 Bb7 18. Ng3 Rad8 19. Rxd8 Rxd8 20. Rd1 Rxd1+ 21. Qxd1 g6 22. Qd3 Kg7 23. Qc3 {½-½ Zakharov,Y (2235)-Maylott,P (2034) RUS-AUS/NZ email 2014 [43]}) 17... Rd8 18. Rfd1 Bb7 19. a4 Rxd1+ 20. Rxd1 Rd8 21. Rxd8+ Qxd8 22. f3 Qd6 23. Qb3 Qd7 24. Ng6 Qe8 {Dodges Ne5} (24... Qd2 $11 25. Bxf7+ Kh7 26. Bg8+ Nxg8 (26... Kxg6 27. Qf7+ Kg5 28. Qxg7+ Kf5 29. g4+ Nxg4 30. Qxg4+ Kf6 31. Qe6+ Kg5 32. h4+ Kxh4 33. Qg4#) 27. Nf8+ Kh8 28. Ng6+ Kh7) 25. e4 $16 Qd7 26. e5 (26. Kh1 $16) 26... Ne8 $1 $11 27. h4 Nc7 28. h5 Bc6 $2 {[#]} (28... Ba6 $11 29. Bxa6 Nxa6) 29. Bxf7+ $1 $18 {[%mdl 512]} Qxf7 30. Ne7+ Kf8 31. Qxf7+ Kxf7 32. Nxc6 {[%mdl 4096] Endgame KN-KN. White is a pawn up.} Ke6 33. f4 {White is more active.} (33. Nxa7 Kxe5 34. Kf2 c4 $14) 33... Nd5 $2 (33... b5 $16) 34. g3 (34. Nxa7 Nxf4 35. g3 (35. Nc8 Nd5 $15) 35... Nd5 $11 (35... Nxh5 36. Kg2 $17)) 34... a6 35. Kf2 Kd7 $2 (35... c4 36. Ke2 Nc7) 36. Nb8+ Kc8 (36... Ke7 $142 37. Nxa6 c4) 37. Nxa6 Kb7 {[#]} 38. Nxc5+ $1 {[%mdl 512]} bxc5 {[%cal Bb6c5,Bc5c4][%mdl 32] KN-KP} 39. Kf3 Kc6 (39... Nc7 $142 40. Kg4 Kb6) 40. Ke4 Nb4 41. g4 {[%cal Bg3g4,Bg4g5][%mdl 32]} c4 42. Kd4 Nd3 43. f5 (43. Kxc4 Nxb2+ 44. Kd4 (44. Kb3 Nd3 $11) 44... Nxa4 $11) 43... Nxb2 {[#]} 44. g5 $1 {[%mdl 512] And now f6 would win.} Nd3 (44... c3 45. Kxc3) 45. f6 (45. Kxc4 $2 Nxe5+ 46. Kd4 Nf3+ 47. Ke4 Nxg5+ 48. Ke5 Nh7 $19) 45... gxf6 46. exf6 {White wants to mate with g6.} (46. Kxc4 $2 Nxe5+ 47. Kd4 hxg5 $19) 46... hxg5 47. h6 ({Stronger than} 47. Kxc4 Ne5+ 48. Kd4 Nf7 $11) (47. f7 Nc5 48. h6 (48. f8=R $2 {loses.} Ne6+ 49. Kc3 Nxf8 $19) (48. f8=N g4 $16) (48. Kxc4 Nd7 $18) 48... Ne6+ 49. Kxc4 Nf8 $18) 47... Nf4 48. Ke4 $4 {[%mdl 40960] Weighted Error Value: White=0.09 (flawless) /Black=0.89 Sensor Board Error (Ke4/e5)?  Loses game:     	---       	Black=2      Mistake:       	White=1     	Black=4      Inaccurate:     	---       	Black=1      OK:         	White=10    	Black=10     Best:        	White=6     	Black=1      Strong:       	---       	Black=1      Brilliant:      	White=1     	---} (48. h7 Ng6 49. f7 (49. Kxc4 g4 $18) 49... g4 50. h8=Q (50. Kxc4 Ne5+ 51. Kd4 Nxf7 $11) 50... Nxh8 51. f8=Q c3 52. Qxh8 c2 53. Qc8+ Kd6 54. Qxc2 (54. Qxg4 c1=Q $11)) 1-0

[Event "2nd Sampa STD Open 2025"]
[Site "Sao Paulo"]
[Date "2025.02.01"]
[Round "2"]
[White "De Siqueira, Luigy Lira"]
[Black "Seccafim, Caic dos Santos"]
[Result "0-1"]
[Annotator "TA"]
[WhiteElo "2252"]
[BlackElo "1999"]
[PlyCount "62"]
[EventDate "2025.02.01"]
[EventType "swiss"]
[EventCountry "BRA"]
[SourceTitle "playchess.com"]
[Source "ChessBase"]
[SourceQuality "1"]
[TimeControl "5400+30"]

{[%evp 14,61,23,22,37,4,22,-12,33,18,43,38,51,43,131,139,137,127,129,133,295,289,634,623,636,244,623,620,368,568,1574,1479,29988,29989,29989,29990,29990,29991,29991,29992,29992,29993,29993,29994,29994,29995,29999,-29999,29999,-29999]} 1. e4 e6 2. d4 d5 3. Nc3 Nf6 4. Bg5 dxe4 5. Nxe4 Be7 6. Bxf6 gxf6 7. Nf3 f5 8. Nc3 a6 {C13: French: Classical System: 4 Bg5 Be7, Alekhine-Chatard Attack.} 9. Bd3 c5 10. dxc5 Bxc5 {The position is equal.} 11. Qe2 {[%cal Oe2e5]} Qe7 12. O-O-O Nc6 13. Rhe1 {[%cal Od3f5] and Bxf5! should not be overlooked. White has strong rooks and is better} O-O {[#]} (13... Bb4 $14) 14. Bxf5 $146 (14. Kb1 Kh8 15. h4 Qf6 16. Ng5 Nd4 17. Qf1 Bb4 18. Nce4 fxe4 19. Nxe4 Qg7 20. c3 {0-1 Makarenko,A (2285)-Lenderman,A (2623) Titled Tuesday intern op 2nd Febr blitz 2016 (3)}) 14... exf5 {[#]} 15. Qc4 $36 {[%mdl 2048] Black is under strong pressure.} b5 {[#]} 16. Qf4 (16. Qd5 $2 Be6 17. Rxe6 (17. Qxc6 $2 Rfc8 $17) 17... fxe6 $19) 16... Qf6 $2 (16... Qa7 $16 {is a better defense.}) 17. Ne4 $18 Qe7 (17... fxe4 $2 18. Qxf6 Ne7 19. Ng5 $18 (19. Rxe4 Ng6 $18)) (17... Qg7 18. Nxc5 Ra7) 18. Nxc5 Qxc5 19. Qg5+ Kh8 {[%cal Of7f6]} 20. Qh6 {White threatens Ng5 and mate.} Nb4 {[%csl Gb4][%cal Rc5c2]} 21. c3 ({And not} 21. Qf6+ Kg8 22. Qg5+ Kh8 23. Qf6+ Kg8 24. Qg5+ Kh8 25. Qf6+ $11) 21... f6 {[%cal Of5f4] [#] Hoping for ...f4!. Repels Ng5} 22. Rd8 $1 {[%mdl 512]} Be6 (22... Rxd8 23. Qxf6+) 23. Qxf6+ Kg8 24. Qxe6+ Kh8 25. Qf6+ Kg8 26. Qg5+ Kh8 27. Rd7 {[%csl Gd7][%cal Rg5g7]} Nxa2+ {Black is weak on the dark squares} 28. Kb1 {[%csl Gd7][%cal Rg5g7]} Nxc3+ 29. Ka1 {[%csl Gd7][%cal Rg5g7]} Qb4 30. Qh6 $4 {[%mdl 8192]} (30. Qg7# {was the only winning move.}) 30... Qc4 $4 {[%mdl 8192]} 31. Rdd1 $4 {[%mdl 8192]} (31. Qxh7#) 31... Qa2# {Quite a comeback for Black.   Weighted Error Value: White=0.04 (flawless) /Black=1.35  Loses game:     	---       	Black=1      Mistake:       	---       	Black=2      Inaccurate:     	White=2     	Black=2      OK:         	White=4     	Black=2      Best:        	White=2     	Black=1      Brilliant:      	White=2     	---} 0-1

[Event "2nd Sampa STD Open 2025"]
[Site "Sao Paulo"]
[Date "2025.02.01"]
[Round "2"]
[White "Cunha, Lucas Aguiar"]
[Black "Kayser, Gustavo Warmling"]
[Result "1-0"]
[Annotator "TA"]
[WhiteElo "2222"]
[BlackElo "2036"]
[PlyCount "37"]
[EventDate "2025.02.01"]
[EventType "swiss"]
[EventCountry "BRA"]
[SourceTitle "playchess.com"]
[Source "ChessBase"]
[SourceQuality "1"]

{[%evp 11,37,35,41,27,13,2,19,-2,1,8,129,106,169,154,241,238,287,280,283,261,259,243,504,505,585,571,1089,1079]} 1. e4 c5 2. Nf3 Nc6 3. Bb5 Nf6 4. Nc3 Qc7 5. O-O Nd4 6. Re1 a6 7. e5 {B30: Sicilian: 2...Nc6 3 Bb5, lines without ...g6.} Nxb5 8. exf6 Nxc3 9. fxg7 {The position is equal.} ({Of course not} 9. dxc3 gxf6 10. b4 d6 $15) 9... Bxg7 {A sharp opening} 10. dxc3 e6 (10... d6 $11) 11. Ng5 $146 {[%cal Bf3g5,Bg5e4,Be4g3,Bg3h5,Bh5g7,Bg7e8][%mdl 32] White is more active.} (11. Qd5 O-O 12. Qh5 f5 13. Bh6 Qd8 14. Ng5 Bxh6 15. Qxh6 Qe7 16. f4 b5 17. Re3 {1-0 Sukhachev,M (2075)-Shishigin,D RUS-ch U14 Dagomys 2004 (5)}) 11... h6 {[#]} (11... h5 $16) 12. Ne4 $1 $18 Ke7 {Dodges Nd6} (12... Be5 $16 13. Qh5 d6 (13... d5 $2 14. Ng3 $18)) 13. Ng3 Kf8 14. Nh5 d5 15. Qg4 f5 16. Qh4 e5 {[#] Wards off Bf4} (16... Rh7 {keeps fighting.} 17. Bf4 Qe7) 17. Bf4 $1 {[%mdl 512] Hoping for Nxg7. White is clearly winning.} exf4 (17... Qe7 18. Qxe7+) 18. Nxg7 Kf7 {[#] Prevents Qf6+.} 19. Ne8 $1 {[%mdl 512] Black got outplayed after the opening.   Weighted Error Value: White=0.06 (flawless) /Black=0.88  Mistake:       	---       	Black=4      Inaccurate:     	---       	Black=1      OK:         	White=4     	Black=3      Best:        	White=3     	Black=1      Strong:       	White=1     	---        Brilliant:      	White=1     	---} 1-0

[Event "2nd Sampa STD Open 2025"]
[Site "Sao Paulo"]
[Date "2025.02.01"]
[Round "2"]
[White "Saito, Vinicius"]
[Black "Santiago, Yago De Moura"]
[Result "0-1"]
[Annotator "TA"]
[WhiteElo "2091"]
[BlackElo "2451"]
[PlyCount "52"]
[EventDate "2025.02.01"]
[EventType "swiss"]
[EventCountry "BRA"]
[SourceTitle "playchess.com"]
[Source "ChessBase"]
[SourceQuality "1"]

{[%evp 12,52,5,1,4,2,14,0,18,0,0,-6,13,-37,-73,-97,-95,-121,-92,-106,-106,-134,-102,-95,-81,-139,-129,-145,-129,-130,-97,-110,-105,-120,-129,-229,-189,-425,-291,-427,-418,-400,-403]} 1. e4 e6 2. d4 d5 3. Nc3 Nf6 4. e5 Nfd7 5. Nce2 c5 6. c3 Nc6 7. Nf3 Qa5 {C11: French: Classical System: 4 e5 and 4 Bg5 dxe4.} 8. a3 cxd4 {8...Be7 injects fresh life into this line.} 9. b4 (9. Nexd4 Ndxe5 10. Nxe5 Nxe5 $15) 9... Qc7 {The position is equal.} 10. cxd4 ({Reject} 10. Nexd4 Ndxe5 (10... Ncxe5 11. Nb5 $17) 11. Bf4 Bd7 12. Nxc6 Nxf3+ 13. Qxf3 Qxc6 $17) 10... b5 11. Nf4 Qb6 12. h4 (12. Rb1 $11) 12... a5 $15 13. Rb1 $146 (13. bxa5 Qxa5+ 14. Bd2 Qb6 15. Bc3 Rxa3 16. Rxa3 Bxa3 17. Qb3 b4 18. Ba1 Ba6 19. Nh5 Bxf1 20. Kxf1 Qb5+ 21. Kg1 Qc4 22. Qb1 g6 23. Nf4 Ndxe5 {0-1 Ulloa,G (2068)-Belmonte,D (2309) Florianopolis op 5th 2019 (5)}) 13... axb4 14. axb4 Bxb4+ 15. Bd2 Bxd2+ 16. Qxd2 b4 17. Be2 Ba6 18. Rh3 (18. Bxa6 $142 Qxa6 19. Nh5) 18... Bxe2 19. Nxe2 Ra3 20. Rg3 Rg8 21. Qc2 g6 22. h5 Qa6 {Black is more active.} 23. hxg6 (23. Qc1 $17 {might work better.}) 23... hxg6 {Hoping for ...Ra2.} 24. Nd2 $2 {[#]} (24. Rh3) 24... Qxe2+ $3 $19 {[%mdl 512]} 25. Kxe2 Nxd4+ 26. Kd1 Nxc2 {Weighted Error Value: White=0.43/Black=0.10 (very precise)   Mistake:       	White=4     	---        Inaccurate:     	White=1     	---        OK:         	White=4     	Black=9      Best:        	White=4     	Black=2} 0-1

[Event "2nd Sampa STD Open 2025"]
[Site "Sao Paulo"]
[Date "2025.02.01"]
[Round "2"]
[White "Blanco Amaro, Guillermo J."]
[Black "Silva, Caio Henrique Angeli"]
[Result "0-1"]
[Annotator "TA"]
[WhiteElo "2075"]
[BlackElo "2197"]
[PlyCount "90"]
[EventDate "2025.02.01"]
[EventType "swiss"]
[EventCountry "BRA"]
[SourceTitle "playchess.com"]
[Source "ChessBase"]
[SourceQuality "1"]

{[%evp 9,89,0,0,-1,0,0,0,0,0,0,0,0,0,-65,-72,-67,20,24,26,32,50,48,77,0,140,150,162,39,131,71,66,45,50,56,46,43,46,0,0,0,0,-6,0,-8,-12,-410,-377,-400,-360,-1847,38,31,47,49,39,37,42,18,58,0,93,54,50,52,208,208,208,200,179,0,0,0,0,-69,-84,-76,-80,-75,-78,-128,-87,-29999]} 1. e4 c6 2. d4 d5 3. e5 c5 4. dxc5 e6 5. a3 Bxc5 6. b4 {B12: Caro-Kann: Advance Variation.} Be7 7. Nf3 a5 8. b5 {The position is equal.} Nd7 9. Bd3 f6 10. Bb2 Nh6 11. O-O (11. Qe2 $11) 11... Nf7 $1 $15 12. c4 Ndxe5 $146 ({Black should try} 12... fxe5 $15 13. Nc3 Nf6) (12... fxe5 13. cxd5 exd5 14. Bf5 d4 15. Re1 Qc7 16. Nxd4 exd4 17. Qxd4 Nf6 18. b6 Qd6 {0-1 Ingunza Curro,A (2367)-Souleidis,G (2429) Titled Tuesday intern op 30th Aug Late blitz 2022 (8)}) 13. Nxe5 $11 fxe5 14. Nc3 {White sacrificed a pawn} b6 15. Qf3 $1 {[%cal Rc4d5]} Bb7 16. Qg4 (16. cxd5 $16 Bc5 (16... exd5 17. Rad1 $14) 17. Rad1 (17. Be4 O-O $11)) 16... Qd6 (16... d4 $11 {remains equal.} 17. Ne4 O-O) 17. Qxg7 $16 Rf8 18. Rac1 (18. Bxh7 $6 d4 $16) (18. Qxh7 $2 Rh8 19. Qg7 e4 $19) (18. Na4 $18) 18... Bg5 (18... e4 $6 19. Be2 $16) (18... O-O-O $1 $14) 19. Rcd1 (19. cxd5 $142 $1 exd5 20. Rc2) 19... O-O-O 20. cxd5 (20. Bxh7 d4 $11) (20. Qxh7 Bf4 21. c5 bxc5 $17 (21... Qxc5 22. Ne2 $17)) (20. Be4 $5) 20... exd5 21. Bf5+ (21. Be4 $5 d4 22. Bxb7+ Kxb7 23. Qxh7 $11) 21... Kb8 22. Ne4 $1 (22. Qxh7 d4 23. Ne4 Qd5 $11) 22... Qh6 23. Bxe5+ (23. Qxh7 Qxh7 (23... dxe4 $2 24. Rxd8+ Bxd8 25. Bxe4 $19) 24. Bxh7 dxe4 $19) ({Better is} 23. Qxh6 $1 $14 Bxh6 24. Nf6) 23... Nxe5 $11 24. Qxe5+ Ka7 {Chess con chili.} 25. Ng3 $1 Bf4 26. Qe6 Qg5 27. Bxh7 $2 {[%mdl 8192]} (27. Bc2 $11 {and White stays safe.}) 27... Rd6 $19 28. Qe2 {[#]} Rh6 29. Bc2 $2 {[#]} (29. Qd3 Qh4 (29... d4 30. h3 $11) 30. h3 Rxh7 31. Nf5) 29... Rfh8 $2 (29... Rxh2 $1 $19 {( -> ...Qh4)} 30. Kxh2 Qh4+ 31. Kg1 Rh8) 30. h3 $14 Rg8 31. Bf5 $1 Bxg3 32. fxg3 Qxg3 33. Qf3 {Threatening Qxg3.} Qd6 34. Bg4 (34. Qf4 $1 $14) 34... Rh4 (34... Qc5+ $11 35. Rf2 Qxb5) 35. Qf4 Qxa3 36. Qd4 $1 Qb3 $2 (36... Rxh3 $14 37. Bxh3 (37. gxh3 Qg3+ 38. Kh1 Rxg4 $11) 37... Qxh3) 37. Ra1 $18 Qxb5 38. Rfb1 Qa6 39. Qf2 $2 (39. Rxa5 $18 Qxa5 40. Ra1 Qxa1+ 41. Qxa1+ Kb8 42. Qd4 (42. Qf6 Rgxg4 43. hxg4 Rxg4 $18)) 39... Rhxg4 40. hxg4 Rxg4 {...d4 would now be deadly.} 41. Ra3 (41. Rb2 $11) 41... d4 $15 42. Rg3 Rxg3 43. Qxg3 Qe2 44. Rb3 (44. Qf2 $142 Qc4 45. Rf1) 44... d3 {Black is more active.} 45. Qh2 $2 {[%mdl 8192]} (45. Rxd3 $17 Bxg2 46. Rd7+ Bb7 47. Rd8) 45... Qe1# {A wild game.   Weighted Error Value: White=0.65/Black=0.33  Loses game:     	White=2     	---        Missed win:     	White=1     	Black=1      Mistake:       	White=9     	Black=5      Inaccurate:     	White=1     	Black=1      OK:         	White=6     	Black=16     Best:        	White=2     	Black=6      Strong:       	White=5     	Black=1} 0-1

[Event "2nd Sampa STD Open 2025"]
[Site "Sao Paulo"]
[Date "2025.02.01"]
[Round "2"]
[White "Lima, Kleyton Alcantara"]
[Black "Guimaraes, Diogo Duarte"]
[Result "1-0"]
[Annotator "TA"]
[WhiteElo "2068"]
[BlackElo "2299"]
[PlyCount "53"]
[EventDate "2025.02.01"]
[EventType "swiss"]
[EventCountry "BRA"]
[SourceTitle "playchess.com"]
[Source "ChessBase"]
[SourceQuality "1"]

{[%evp 12,52,57,63,76,89,85,94,95,91,88,60,60,61,57,60,54,47,56,44,41,44,65,74,217,222,484,479,800,791,725,675,1507,1503,1490,1466,1341,447,2941,2699,29988,1675,29999]} 1. d4 f5 2. c4 Nf6 3. Nc3 e6 4. Nf3 Be7 5. Qc2 d5 6. Bf4 c6 7. e3 Nbd7 {A84: Dutch Defence: 2 c4 Miscellaneous.} 8. cxd5 Nxd5 9. Nxd5 exd5 {White is better.} 10. Bd3 $146 {White is more active.} (10. Qxf5 Nf6 11. Qc2 Qa5+ 12. Kd1 Ne4 13. Bd3 Bf5 14. Ke2 Rc8 15. Nd2 Bg4+ 16. f3 Qxd2+ 17. Qxd2 Nxd2 18. Kxd2 {1-0 Khamitskiy,S (2287)-Shaida,G (1180) BLR-chT Minsk 2017 (7.2)}) 10... Qa5+ 11. Nd2 Nf6 12. O-O {[%cal Od2b3]} ({Don't play} 12. Bxf5 Bxf5 13. Qxf5 Ne4 $11) 12... g6 13. a3 O-O 14. b4 Qb6 15. Nb3 Ne4 16. f3 Nd6 17. e4 fxe4 {Loses the game.} (17... Rf7 $16) 18. fxe4 $18 Nxe4 $2 (18... Be6 {might work better.}) 19. Bxe4 dxe4 {[#]} (19... Rxf4 $142 20. Rxf4 Bg5) 20. Qc4+ $1 Kg7 21. Be5+ Kh6 22. Rxf8 Bxf8 {Black is weak on the dark squares} 23. Qf7 {Intending Bf4+ and mate.} Qd8 24. Rf1 (24. Bf4+ $142 g5 25. Be5) 24... Bg4 (24... Qe7 $142) 25. Bf4+ g5 26. Bc7 (26. Be5 $142 Bf3 27. Qe6+ (27. gxf3 Qe8 $18) 27... Kh5 28. g4+ (28. gxf3 Qe7 $18) 28... Kh4 29. Qf7 Kxg4 30. Rxf3 (30. Qxh7 Bh6 $18) 30... Qf6 31. Rxf6 h6 32. Qe6+ (32. Qxb7 Kh4 33. Bg3+ Kh3 34. Qf7 Kg4 35. Qe6+ Kh5 36. Qh3#) 32... Kh4 33. Bg3+ Kh5 34. Qh3#) 26... Qf6 27. Rxf6# {Weighted Error Value: White=0.36/Black=1.40  Mistake:       	---       	Black=3      Inaccurate:     	White=1     	Black=1      OK:         	White=4     	Black=4      Strong:       	White=1     	---} 1-0